| 000 | 01608nab a2200253 i 4500 | ||
|---|---|---|---|
| 001 | 768714001 | ||
| 003 | CO-MdFUSB | ||
| 005 | 20240515115635.0 | ||
| 008 | 230428s2017 cl ||||| |||| 00| 0 eng d | ||
| 022 | _a1669-8949 | ||
| 040 |
_beng _aCO-MdFUSB _cCO-MdFUSB _dCO-MdFUSB |
||
| 041 | _aeng | ||
| 100 |
_aAlvarado Y., Ruth, _eautor |
||
| 245 |
_aFacing corruption today in light of the first testament (Amos 8:1-7) _c/ Ruth Alvarado Y. |
||
| 300 |
_aVolumen 12, número 2 (2017), páginas: 29 - 44 _c; 23 cm |
||
| 520 | _aLa autora argumenta que la corrupción no conoce fronteras (partidos políticos, empresas, servidores públicos, el sistema judicial, el proceso electoral, el Congreso, las iglesias, cualquier organización, etc.) y en todos los sentidos nos perjudica. Conduce a pérdidas financieras, afecta la viabilidad de las instituciones, viola todos los derechos de nuestro pueblo y, lo más insidioso de todo, infiltra nuestra vida cotidiana. Muchas personas han pasado de ser servidores del estado a servirse a sí mismos con los recursos del estado. Posteriormente, Alvarado realiza un estudio de Amós, y lo contextualiza en la realidad Latinoamericana dentro del marco de la corrupción. | ||
| 546 | _aTexto en inglés | ||
| 630 | 0 | 7 |
_aBiblia. _pAmos _xCrítica, interpretación, etc. |
| 650 | 7 |
_92643 _aPolíticos |
|
| 653 | _aCorrupción | ||
| 773 | 0 |
_049416 _981935 _dSantiago de Chile _oR1736 _tJournal of Latin American Theology : _w(CO-MdFUSB)118 _x1669-8949 _gVolumen 12, número 2 (2017), páginas: 29 - 44 _qpágina 29 |
|
| 942 | _cANA | ||
| 945 |
_aJennifer - Auxiliar _bAstrid M. |
||
| 999 |
_c68808 _d68808 |
||